000 00522nam a22001817a 4500
005 20150717114918.0
010 _aENG-113249
020 _c245.00
_a9789382711643
035 _aEN-96781
037 _bDBAD/PUB
082 _aS
100 _aChowdhury, K. L.
245 _aWhy don't you convert? :
_cby K. L. Chowdhury
_band other short stories /
260 _aNew Delhi
_bVitasta Publishing
_c2015
270 _a2/15, Ansari Road, Daryaganj
_bNew Delhi
_e110002
300 _a263p.
_c21cm(pbk)
942 _2ddc
_cEN
_mCHO
_hN
999 _c93964
_d93964